Một cuộc thi thơ ở Hà Nội cách đây hơn nửa thế kỷ /
שמור ב:
| מחברים אחרים: | |
|---|---|
| פורמט: | Bài viết |
| שפה: | Vietnamese |
| נושאים: | |
| תגים: |
הוספת תג
אין תגיות, היה/י הראשונ/ה לתייג את הרשומה!
|
| Thư viện lưu trữ: | Thư viện Trường Đại học Đà Lạt |
|---|
| LEADER | 00744nam a2200253 4500 | ||
|---|---|---|---|
| 001 | DLU090074440 | ||
| 005 | ##20090508 | ||
| 040 | # | # | |a DLU |b vie |
| 041 | # | # | |a vie |
| 044 | # | # | |a vn |
| 245 | # | # | |a Một cuộc thi thơ ở Hà Nội cách đây hơn nửa thế kỷ / |c Quốc Anh sưu tầm. |
| 653 | # | # | |a Lịch sử báo chí |
| 653 | # | # | |a Thơ ca |
| 700 | # | # | |a Quốc Anh, |e sưu tầm. |
| 773 | # | # | |t Tạp chí văn học |g Số 2, 1982, tr.154-156 |
| 920 | # | # | |a Phòng Tạp chí -- Trung tâm Thông tin - Thư viện Trường Đại học Đà Lạt |
| 994 | # | # | |a DLU |
| 900 | # | # | |a True |
| 911 | # | # | |a Nguyễn Thị Linh Chi |
| 925 | # | # | |a G |
| 926 | # | # | |a A |
| 927 | # | # | |a BB |
| 980 | # | # | |a Thư viện Trường Đại học Đà Lạt |